PSŻ Poznań - skład 2024 - Statystyki

Ogólne statystyki
  • Ten quiz został rozwiązany 23 razy
  • Średni wynik to 6 z 9
Statystyki odpowiedzi
Zawodnicy % Poprawnych
Kacper Teska
90%
Matias Nielsen
90%
Ryan Douglas
90%
Kacper Grzelak
85%
Szymon Szlauderbach
85%
Mateusz Dul
75%
Lech Chlebowski
45%
Mateusz Latała
25%
Oleksandr Loktayev
20%
Nie znaleziono quizów pasujących do podanych kryteriów
Rozkład punktacji
Procent ludzi z każdym wynikiem
Percentyl według liczby udzielonych odpowiedzi
Twoja historia wyników
Nie rozwiązałeś tego quizu